Jobboldali radikalizmus tegnap és ma cikkek, előadások
Elmentve itt :
| Szerző: | |
|---|---|
| Adatforrás: | Philobibl |
| Forrásdokumentuma: | Magyar-Szomális felé? 1993. p. 95-99. |
| Dokumentumtípus: | Cikk |
| Nyelv: | magyar |
| LEADER | 00311nab a2200097 c 4500 | ||
|---|---|---|---|
| 001 | bibPHI0035120 | ||
| 005 | 20200924123433.4 | ||
| 008 | 090929s1993 hu hun | ||
| 100 | 1 | |a Heller Ágnes | |
| 245 | 1 | 0 | |a Jobboldali radikalizmus tegnap és ma |b cikkek, előadások |c Heller Ágnes |
| 773 | 0 | |t Magyar-Szomális felé? |g 1993. p. 95-99. | |